000 00937nam a22002057a 4500
999 _c18009
_d18009
003 BDDh-ASL
005 20231015025653.0
008 200917b2007 ||||| |||| 00| 0 d
020 _a9843000000509
040 _aBDDh-ASL
_cBDDh-ASL
_dBDDh-ASL
041 _abengali
082 _a297.4
_bSUS
100 _9848
_aসুলতানা, সৈয়দা তাকলিমা
245 1 _aসূফীবাদের আত্মপরিচয় ও ক্রমঃবিকাশের অন্তরায়/
_c সৈয়দা তাকলিমা সুলতানা।
246 _aSufibader Atma Parichay O Kromobikasher Antarai.
260 _aঢাকা:
_bসূফী ফাউণ্ডেশন বাংলাদেশ,
_c২০০৭।
300 _a১৩১ পৃষ্ঠা:
_c২১ সে. মি.।
650 0 _9849
_aইসলাম ধর্ম
_xসূফীবাদ
942 _2ddc
_cBK